000 00712nam a2200277Ia 4500
005 20260324111611.0
008 008 260324s9999 xx 000 0 eng d
020 _a9781003243731
037 _aEBOOK
040 _aCRL
040 _beng
040 _cCRL
041 _2eng
041 _aeng
084 _qCRL
100 _aYan Wan; Kyriakos Vamvoudakis; Yangquan Chen; Frank Lewis
_91139239
245 0 _aSmarter Cyber Physical Systems
245 0 _bEnabling Methodologies and Applications
260 _bTaylor and Francis
260 _c2025
365 _a
856 _uhttp://www.taylorfrancis.com/books/9781003243731
942 _cEBOOK
999 _c1728118
_d1728118